header

Shoes, glues, and homework (Record no. 97369)

MARC details
000 -LEADER
fixed length control field 01687nam a2200409Ia 4500
082 04 - DEWEY DECIMAL CLASSIFICATION NUMBER
Classification number 363.19
100 1# - MAIN ENTRY--AUTHOR NAME
Personal name Markkanen, Pia,
245 10 - TITLE STATEMENT
Title Shoes, glues, and homework
260 ## - PUBLICATION, DISTRIBUTION, ETC. (IMPRINT)
Place of publication Amityville, N.Y. :
Name of publisher Baywood Pub. Co.,
Year of publication c2009.
300 ## - PHYSICAL DESCRIPTION
Number of Pages xv, 103 p. :
Other physical details ill.
650 #0 - SUBJECT ADDED ENTRY--TOPICAL TERM
Topical Term Footwear industry
Topical Term Footwear industry
Topical Term Glue
Topical Term Glue
Topical Term Home labor
Topical Term Home labor
Topical Term Work environment
Topical Term Work environment
856 40 - ELECTRONIC LOCATION AND ACCESS
Uniform Resource Identifier http://site.ebrary.com/lib/rucke/Doc?id=10607823

No items available.

© 2026 Rongo University
Contact us: librarian | system librarian | Rongo university